000 01729cam a22004814i 4500
003 PE-LiUPU
005 20250731173503.0
008 150616s r 000 0 d
020 _a0521458242
035 _a(Sirsi) i9780521458245
040 _aPE-LiUPU
_bspa
_cPE-LiUPU
_erda
049 _aPRUA
082 0 4 _a232.09015
_bF97
_221
100 1 _aFurnish, Victor Paul,
_eautor.
245 1 0 _aJesus According to Paul /
_cVíctor Paul Furnish.
264 1 _aCambridge :
_bCambridge University Press,
_c1993.
300 _a135 páginas ;
_c18 centímetros
336 _atext
_2rdacontent
337 _aunmediated
_2rdamedia
338 _avolume
_2rdacarrier
505 0 _aFrom Jesus to Paul -- Paul's Knowledge about Jesus -- Sayings of Jesus in Paul's Gospel -- Jesus According to the "Pauline School" -- Jesus Paul Gospel.
526 _aSEG42
526 _aSEG41
526 _aSEG40
526 _aSEG39
526 _aP94
526 _aP87
526 _aP86
526 _aP85
526 _aP77
526 _aP76
526 _aP35
600 1 _aJesucristo
_xHistoria de las doctrinas
_yIglesia primitiva ca. 30-600
630 _aBiblia.
_pN.T.
_pEpístolas de Pablo
_xCrítica, interpretación, etc.
650 0 4 _a
910 _ajck
_bjvq
_cjck
942 _2ddc
_cBOOK
949 _a232.09015 F97
_wDEWEY
_c1
_i40354
_lCCODEBUL1
_mBUL
_r0
_sY
_tBOOK
_u2015-6-16
_xTEOLOGIA
_zUNKNOWN
_0COMPRA
_o.STAFF. Colección General
994 _aC0
_bPEPRU
596 _a1
999 _a232.09015 F97
_wDEWEY
_c58159
_i40354
_f2021-11-11
_g5
_lCCODEBUL1
_mBUL
_r0
_sY
_tBOOK
_u2015-6-16
_xTEOLOGIA
_zUNKNOWN
_0COMPRA
_o.STAFF. Colección General
_d58159
980 _81
_gALBERTO SANCHEZ Responsable de Automatización